Geography Quiz

Random Geography or State Quiz

States That Border Massachusetts Quiz Stats

Quiz Updated Nov 24, 2017

Challenge
Share
Tweet
Embed
Score 0/5 Timer 00:30
3 Plays Today
% Correct
New York
90.7%
Rhode Island
89.9%
Connecticut
88.8%
Vermont
88.5%
New Hampshire
87.9%

You're not logged in!

Compare scores with friends on all Sporcle quizzes.
Sign Up with Email
OR
Log In

You Might Also Like...

Show Comments

Extras

Top Quizzes Today


Score Distribution

Your Account Isn't Verified!

In order to create a playlist on Sporcle, you need to verify the email address you used during registration. Go to your Sporcle Settings to finish the process.

Report this User

Report this user for behavior that violates our Community Guidelines.

Details: